Analýza finančnej situácie vybraného podniku ubytovacích a stravovacích služieb bakalárska práca

Salvato in:
Dettagli Bibliografici
Autore principale: Baloyan, Izabela
Ente Autore: Fakulta podnikového manažmentu EU. Katedra podnikových financií
Altri autori: Lukáč, Jakub, 1992-
Natura: Libro
Lingua:slovacco
Pubblicazione: Bratislava 2025
Tags: Aggiungi Tag
Nessun Tag, puoi essere il primo ad aggiungerne!!

MARC

LEADER 00000nbm a2200000 4500
001 0309986
005 20260108094723.0
041 0 |a slo 
044 |a SK 
245 1 0 |a Analýza finančnej situácie vybraného podniku ubytovacích a stravovacích služieb  |b bakalárska práca  |c Izabela Baloyan ; školiteľ: Jakub Lukáč 
264 1 |a Bratislava  |c 2025 
300 |a 73 s. 
100 1 |a Baloyan, Izabela 
700 1 |a Lukáč, Jakub, 1992- 
710 2 |a Fakulta podnikového manažmentu EU. Katedra podnikových financií